000 00683nam a2200241Ia 4500
003 OSt
005 20220925215458.0
006 a|||||r|||| 00| 0
007 ta
008 220923b |||||||| |||| 00| 0 eng d
020 _a0801820316
037 _cGeneral Book
040 _aRTL
_cRTL
_beng
041 _2eng
_aeng
082 _aB281, L8
100 _aTapia Richard A
_9282914
245 0 _aNonparametsic Probability density Estimation
260 _aLondon
_bHopking Univ Press
_c1978
300 _axi,176p.
_ccm.
700 _a Thompson James R
_9282915
942 _hB281, L8
_cGB
_2CC
999 _c568882
_d568882